Jeux vidéos : d'où vient cette carte ? #2 - Statistiques

Statistiques générales
  • Ce quiz a été pris 374 fois
  • Le résultat moyen est 6 sur 20
Statistiques - réponses
Par images Hint Réponse % Correct
2015 Rocket League
96%
2011 Minecraft
93%
2014 Mario kart 8
64%
1998 Pokémon Rouge - Bleu - Jaune
52%
2018 Sea of Thieves
43%
2019 Teamfight Tactics
40%
2017 Hollow Knight
39%
1998 The Legend of Zelda : Ocarina of Time
33%
2019 Apex Legends
32%
2014 Assassin's Creed Unity
25%
2019 Outer Wilds
23%
2024 Palworld
14%
2008 Super Smash Bros Brawl
14%
2019 RAID : Shadow Legends
13%
2010 Sonic Colors
13%
2024 Astrobot
11%
2023 Hogwarts Legacy : L'Héritage de Poudlard
11%
2024 Microsoft Flight Simulator
11%
2005 Star Wars Battlefront 2
11%
2013 Slender : The Arrival
5%
Aucun quiz correspondant
Distribution des résultats
% des personnes avec chaque résultat
Percentile par nombre de réponses
Votre historique - résultats
Vous n’avez pas pris ce quiz